Gibson electric guitars - Statistics

General Stats
  • This quiz has been taken 376 times
  • The average score is 4 of 7
Answer Stats
Creation Model % Correct
1952 Les Paul
99%
1961 SG
92%
1958 Flying V
70%
1949 ES
65%
1958 Explorer
65%
1963 Firebird
43%
1940~ Archtop
12%
No matching quizzes found
Score Distribution
Percent of People with Each Score
Percentile by Number Answered
Your Score History
You have not taken this quiz